Economic growth: Brazil, India, Japan /

Bibliographic Details
Main Author: Kuznets, Simon, 1901-1985
Format: Book
Language:English
Published: Durham, N.C. : Duke University Press, 1955.
Subjects:

MARC

Tag First Indicator Second Indicator Subfields
LEADER 00000cam a2200000 4500
001 in00000060640
005 20151008050533.0
008 711116s1955 ncu b 00000 eng u
010 |a  55009491  
035 |a (OCoLC)00172234 
035 |9 AAG1663AM 
040 |c WSU  |d TXA  |d UtOrBLW 
049 |a TXAM  |c [261381] 
050 0 |a HC51  |b .K8 
092 |a 330.9  |b K97e 
100 1 |a Kuznets, Simon,  |d 1901-1985. 
245 1 0 |a Economic growth: Brazil, India, Japan /  |c Edited by Simon Kuznets, Wilbert E. Moore, and Joseph J. Spengler. 
264 1 |a Durham, N.C. :  |b Duke University Press,  |c 1955. 
300 |a 613 pages 
336 |a text  |b txt  |2 rdacontent 
337 |a unmediated  |b n  |2 rdamedia 
338 |a volume  |b nc  |2 rdacarrier 
504 |a Bibliographical footnotes. 
651 0 |a Brazil  |x Economic conditions. 
651 0 |a India  |x Economic conditions. 
651 0 |a Japan  |x Economic conditions. 
999 |a MARS 
999 f f |s 85774bdc-5bcf-36e9-91ec-80babd7661c8  |i 5f17b5e8-fac9-3124-8894-7480459c9b8b  |t 0 
952 f f |p ric  |a Texas A&M University  |b Rellis Campus  |c Joint Library Facility  |d Remote Storage  |t 0  |e HC51 .K8  |h Library of Congress classification  |i unmediated -- volume  |m A14800698339 
998 f f |a HC51 .K8  |t 0  |l Remote Storage